Pump user's handbook : (Record no. 19566)
[ view plain ]
| 000 -LEADER | |
|---|---|
| fixed length control field | 01029cam a22002895a 4500 |
| 001 - CONTROL NUMBER | |
| control field | 17845804 |
| 003 - CONTROL NUMBER IDENTIFIER | |
| control field | OSt |
| 005 - DATE AND TIME OF LATEST TRANSACTION | |
| control field | 20151019102009.0 |
| 008 - FIXED-LENGTH DATA ELEMENTS--GENERAL INFORMATION | |
| fixed length control field | 130809s2014 gaua frbf 001 0 eng d |
| 020 ## - INTERNATIONAL STANDARD BOOK NUMBER | |
| International Standard Book Number | 9781482228649 (Taylor & Francis distribution : alkaline paper) |
| 020 ## - INTERNATIONAL STANDARD BOOK NUMBER | |
| International Standard Book Number | 0881737208 (the fairmont press, Inc) |
| 020 ## - INTERNATIONAL STANDARD BOOK NUMBER | |
| Cancelled/invalid ISBN | 0881737216 (electronic) |
| 040 ## - CATALOGING SOURCE | |
| Original cataloging agency | DLC |
| Language of cataloging | eng |
| Transcribing agency | DLC |
| Modifying agency | DLC |
| -- | EG-ScBUE |
| 082 04 - DEWEY DECIMAL CLASSIFICATION NUMBER | |
| Classification number | 621.69 |
| Edition number | 22 |
| Item number | BLO |
| 100 1# - MAIN ENTRY--PERSONAL NAME | |
| Personal name | Bloch, Heinz P., |
| Dates associated with a name | 1933- |
| 9 (RLIN) | 38512 |
| 245 10 - TITLE STATEMENT | |
| Title | Pump user's handbook : |
| Remainder of title | life extension / |
| Statement of responsibility, etc | by Heinz P. Bloch & Allan R. Budris. |
| 250 ## - EDITION STATEMENT | |
| Edition statement | 4th ed. |
| 260 ## - PUBLICATION, DISTRIBUTION, ETC. (IMPRINT) | |
| Place of publication, distribution, etc | Lilburn : |
| Name of publisher, distributor, etc | The Fairmont Press, Inc ; |
| Place of publication, distribution, etc | Boca Raton ; |
| -- | London : |
| Name of publisher, distributor, etc | CRC Press / Taylor & Francis Group, |
| Date of publication, distribution, etc | c.2014. |
| 300 ## - PHYSICAL DESCRIPTION | |
| Extent | xiv, 556 p. : |
| Other physical details | ill ; |
| Dimensions | 29 cm. |
| 500 ## - GENERAL NOTE | |
| General note | Index : p. 539-556 |
| 504 ## - BIBLIOGRAPHY, ETC. NOTE | |
| Bibliography, etc | Bibliography : p. 527-538 |
| 650 #0 - SUBJECT ADDED ENTRY--TOPICAL TERM | |
| Topical term or geographic name as entry element | Pumping machinery |
| Form subdivision | Handbooks, manuals, etc. |
| Source of heading or term | BUEsh |
| 9 (RLIN) | 23729 |
| 651 ## - SUBJECT ADDED ENTRY--GEOGRAPHIC NAME | |
| Source of heading or term | BUEsh |
| 653 ## - INDEX TERM--UNCONTROLLED | |
| Resource For college | Engineering, General |
| Arrived date list | June2015 |
| -- | October2015 |
| 700 1# - ADDED ENTRY--PERSONAL NAME | |
| Personal name | Budris, Allan R. |
| 942 ## - ADDED ENTRY ELEMENTS (KOHA) | |
| Source of classification or shelving scheme | Dewey Decimal Classification |
| Withdrawn status | Lost status | Source of classification or shelving scheme | Damaged status | Not for loan | Koha collection | Home library | Current library | Shelving location | Date acquired | Source of acquisition | Total Checkouts | Full call number | Barcode | Date last seen | Date last borrowed | Koha item type |
|---|---|---|---|---|---|---|---|---|---|---|---|---|---|---|---|---|
| Dewey Decimal Classification | Baccah | Central Library | Central Library | First floor | 10/06/2015 | Purchase | 1 | 621.69 BLO | 000038434 | 15/07/2025 | 29/11/2016 | Book - Borrowing |